000 00247nam a2200109Ia 4500
008 190216s9999||||xx |||||||||||||| ||und||
100 _aKalavathy S
245 0 _aNumerical Methods
260 _bVijay Nicoles
650 _aMathematics
942 _cBK
999 _c31941
_d31941